Odpisovanie dlhodobého nehmotného majetku
Odpisovanie dlhodobého nehmotného majetku podľa zákona o účtovníctve, postupov účtovania a podľa zákona o dani z príjmov. Účtovná jednotka si môže zvoliť pri goodwille, zápornom goodwille, aktivovaných zriaďovacích nákladoch a nákladoch na vývoj dobu odpisovania dlhšiu ako jeden rok, ale maximálne d...
Gespeichert in:
| 1. Verfasser: | |
|---|---|
| Format: | Buchkapitel |
| Sprache: | Slowakisch |
| Schlagworte: | |
| Tags: |
Keine Tags, Fügen Sie das erste Tag hinzu!
|
MARC
| LEADER | 00000naa$a2200000$$$4500 | ||
|---|---|---|---|
| 001 | 0075314 | ||
| 005 | 20240502071902.1 | ||
| 041 | 0 | |a slo | |
| 044 | |a SK | ||
| 245 | 1 | 0 | |a Odpisovanie dlhodobého nehmotného majetku |c Tímea Göghová |
| 520 | |a Odpisovanie dlhodobého nehmotného majetku podľa zákona o účtovníctve, postupov účtovania a podľa zákona o dani z príjmov. Účtovná jednotka si môže zvoliť pri goodwille, zápornom goodwille, aktivovaných zriaďovacích nákladoch a nákladoch na vývoj dobu odpisovania dlhšiu ako jeden rok, ale maximálne do päť rokov na základe zváženia predpokladanej doby používania zodpovedajúcej spotrebe budúcich ekonomických úžitkov z majetku. | ||
| 610 | 2 | 0 | |a majetok nehmotný |
| 610 | 2 | 0 | |a majetok dlhodobý |
| 610 | 2 | 0 | |a odpisy |
| 610 | 2 | 0 | |a úžitok |
| 100 | 1 | |a Göghová, Tímea | |